MARC details
| 000 -BAŞLIK |
| Sabit Uzunlukta Kontrol Alanı |
01880na a2200421 4500 |
| 001 - KONTROL NUMARASI |
| Denetim Alanı |
16359 |
| 003 - KONTROL NUMARASI IDENTIFIER |
| Denetim Alanı |
MIRAKIL |
| 005 - SON İŞLEM TARİHİ VE ZAMANI |
| Denetim Alanı |
20181213155138.0 |
| 008 - SABİT-BOY VERİ ELEMANLARI - GENEL BİLGİLER |
| Sabit Uzunlukta Kontrol Alanı |
170213b tu 000 0 |
| 035 ## - SİSTEM KONTROL NUMARASI |
| Sistem Kontrol Numarası |
16359 |
| 040 ## - KATALOGLAMA KAYNAK |
| Orijinal Kataloglama Ajansı |
Milas |
| Kataloglama Dili |
tur |
| Metne Dönüştürmek Ajansı |
TR-AnCHP |
| 041 ## - DİL KODU |
| Metin / Ses Parça Veya Ayrı Başlığın Dil Kodu |
tur |
| 082 ## - DEWEY ONLU SINIFLANDIRMA NUMARASI |
| Sınıflandırma Numarası |
CHP 324.217207 |
| Ürün Numarası |
K25c 1940 |
| 090 ## - SINIFLAMA NUMARASI |
| Sınıflama Numarası |
CHP 324.217207 K25c 1940 |
| 100 ## - ANA GİRİŞ - KİŞİSEL İSİM |
| Kişisel Ad |
Kansu, Şevket Aziz |
| 222 ## - ANAHTAR ADI |
| Anahtar Başlık |
Cumhuriyet Halk Partisi Konferansları |
| 245 ## - BAŞLIK TABLOSU |
| Başlık |
Anadolunun ilk iptidai beşeriyetine ait olarak meydana çıkardığım vesikalar ve neticeleri ; Dış alem meselesi : Matematik bakımından ; Neslin korunması ; İnsan hayatı tezahürlerine objektif bir bakış ; Madde ve kainat telakkileri |
| Sorumluluk Tablosu, Vb |
Şevket Aziz Kansu ;Kerim Erim ; Sara Akdik ; Hayri Kaleli ; Münif Çelebi |
| 260 ## - YAYIN, DAĞITIM, VB |
| Yayın, Dağıtım, Vb Yeri |
Ankara |
| Yayıncı, Dağıtıcı, Vs Adı |
CHP |
| Yayın, Dağıtım, Vb Tarihi |
1940 |
| Üretici Firma |
Recep Ulusoğlu Basımevi |
| 300 ## - FİZİKSEL TANIM |
| Kapsam |
57 s. |
| Boyutlar |
23 sm. |
| 440 ## - SERİSİ TABLOSU / KATMA GİRİŞİ - BAŞLIK |
| Başlık |
C.H.P. |
| Bir İşin Parçası / Bölümün İsmi |
Konferanslar serisi |
| Hacim / Ardışık Tanımı |
14 |
| 500 ## - GENEL NOT |
| Genel Not |
Yapıt, yazarların konferans konuşmalarını içermektedir |
| 505 ## - BİÇİMLENDİRİLDİ İÇİNDEKİLER NOT |
| Biçimlendirilmiş İçeriği Dikkat |
Anadolunun ilk iptidai beşeriyetine ait olarak meydana çıkardığım vesikalar ve neticeleri / Şevket Aziz kansu; Dış alem meselesi: Matematik bakımından / Kerim Erim; Neslin korunması/ Sara Akdir ; İnsan hayatı tezahürlerine objektif bir bakış/Hayri Kaleli; Madde ve kainat telakkileri/Münif Çelebi |
| 610 ## - KONU KATMA GİRİŞ - TOPLANTI ADI |
| Giriş Elemanı Olarak Kurumsal Ad Veya Yargı Alanı Adı |
Cumhuriyet Halk Partisi (CHP) |
| Genel Alt Bölüm |
Konferanslar ve seminerler |
| 650 ## - KONU KATMA GİRİŞ - TOPİKAL DÖNEM |
| Topikal Süreli Veya Coğrafi Ad Giriş Elemanı |
Felsefe |
| 650 ## - KONU KATMA GİRİŞ - TOPİKAL DÖNEM |
| Topikal Süreli Veya Coğrafi Ad Giriş Elemanı |
Etnoloji |
| 650 ## - KONU KATMA GİRİŞ - TOPİKAL DÖNEM |
| Topikal Süreli Veya Coğrafi Ad Giriş Elemanı |
Antropoloji |
| 700 ## - KATMA GİRİŞ - KİŞİSEL İSİM |
| Kişisel Ad |
Erim, Kerim |
| 700 ## - KATMA GİRİŞ - KİŞİSEL İSİM |
| Kişisel Ad |
Çelebi, Münif |
| 700 ## - KATMA GİRİŞ - KİŞİSEL İSİM |
| Kişisel Ad |
Kaleli, Hayri |
| 700 ## - KATMA GİRİŞ - KİŞİSEL İSİM |
| Kişisel Ad |
Akdik, Sara |
| 740 ## - KATMA GİRİŞ - KONTROLSUZ İLGİLİ / ANALİTİK BAŞLIK |
| Kontrol Edilmeyen / İlgili Analitik Başlıktaki |
Neslin korunması |
| 740 ## - KATMA GİRİŞ - KONTROLSUZ İLGİLİ / ANALİTİK BAŞLIK |
| Kontrol Edilmeyen / İlgili Analitik Başlıktaki |
Madde ve kainat telakkileri |
| 740 ## - KATMA GİRİŞ - KONTROLSUZ İLGİLİ / ANALİTİK BAŞLIK |
| Kontrol Edilmeyen / İlgili Analitik Başlıktaki |
İnsan hayati tezahürlerine objektif bir bakış |
| 740 ## - KATMA GİRİŞ - KONTROLSUZ İLGİLİ / ANALİTİK BAŞLIK |
| Kontrol Edilmeyen / İlgili Analitik Başlıktaki |
Dış alem meselesi : Matematik bakımından |
| 830 ## - SERİSİ EKLENDİ GİRİŞ - ÜNİFORM ADI |
| Üniforma Başlık |
CHP Yayınları |
| 942 ## - EKLENDİ GİRİŞ ELEMANLARI (KOHA) |
| Sınıflandırma Veya Raf Düzeni Kaynak |
Dewey Decimal Classification |
| Koha Öğesi Türü |
Books |
| 999 ## - SİSTEM KONTROL NUMARALARI (KOHA) |
| Koha Biblionumber |
7419 |
| Koha Biblioitemnumber |
7419 |
| 657 ## - INDEX SÜRE - İŞLEVİ |
| -- |
CHP konferansları |